La contabilización del IVA y el concepto de precio neto (Registro nro. 27526)

Detalles MARC
000 -LEADER
fixed length control field 00351 a2200109 4500
001 - CONTROL NUMBER
control field ART_18309
005 - DATE AND TIME OF LATEST TRANSACTION
control field 20260410161919.0
008 - FIXED-LENGTH DATA ELEMENTS--GENERAL INFORMATION
fixed length control field 260409a
100 1# - MAIN ENTRY--PERSONAL NAME
Personal name Koppmann, Enrique Victor
245 10 - TITLE STATEMENT
Title La contabilización del IVA y el concepto de precio neto
773 0# - HOST ITEM ENTRY
Title La información
Related parts - Tomo XXXIII, Nº 556 (abr. 1976)
Record control number REV14902

No hay ítems disponibles.